N-substituované aminoetylénové deriváty-ich príprava,štruktúra,vlastnosti a využitie v organickej syntéze : Obh. 10.12.1996 /

Salvato in:
Dettagli Bibliografici
Autore principale: Milata, Viktor, 1957- (Autore)
Natura: Manoscritto Libro
Lingua:multilingua
Pubblicazione: Bratislava : STU v Bratislave ChtF, 1996
Tags: Aggiungi Tag
Nessun Tag, puoi essere il primo ad aggiungerne!!

MARC

LEADER 00000ntm a22000003a 4500
001 stu24275
005 20150617225742.2
008 961219s1996----xo------------------mul-d
040 |a STU  |b slo 
041 0 |a mul 
044 |a xo 
080 |a 547.07(043.5) 
100 1 |a Milata, Viktor,  |d 1957-  |4 aut  |u C8140  |U FCHPT Ústav organickej chémie, katalýzy a petrochémie  |T FCHPT Oddelenie organickej chémie  |X 3353  |U C8140  |Y 124  |7 A000003353 
245 1 |a N-substituované aminoetylénové deriváty-ich príprava,štruktúra,vlastnosti a využitie v organickej syntéze :  |b Obh. 10.12.1996 /  |c [aut.]Milata,Viktor 
260 |a Bratislava :  |b STU v Bratislave ChtF,  |c 1996 
300 |a 35 s :  |b Tab.,grafy.lit 
500 |a Katedra organickej chémie 
996 |b CH49  |c C*H49  |l CCI  |s A  |a 24  |w stu24275_0001